000 00378nam a22001337a 4500
020 _qPB.
040 _cFIZZA ISHAQ
082 _a839.726
_b TED
100 _aHOFFMAN,TED.
_9133474
245 _aFAMOUS AMERICAN PLAYS OF THE 1970s WITH AN INTRODUCTION BY TED HOFFMAN /
_cTED HOFFMAN.
260 _aNEW YORK ;
_bLAUREL,
_c1981.
300 _a460 P. ;
_c6.8X4.1IN
942 _2ddc
_cBK
999 _c616437
_d616437